000 00504nam a2200169Ia 4500
003 GCL
008 140319s9999 xx 000 0 ara d
040 _aGCL /
_cGCL
082 0 4 _a813.03
_bع ح
100 1 _aعبدالعزيز الشناوى
245 1 0 _aحب بلا حدود /
_cعبدالعزيز الشناوى
300 _a187 ص
490 _aالهيئة العامة للاستعلامات
_v0
650 0 4 _aالادب العربى
650 0 4 _aالقصص العربية
942 _2ddc
_cBK
999 _c47626
_d47626